000
00201 a2200097 4500
001
4074
100
_a
Pope, A
245
_a
Low-speed wind tunnel testing
260
_a
_b
Wiley
_c
090
_c
3293
_d
3293
942
_a
NUST-CAE
_c
M
_c
25480
999
_c
239147
_d
239147